THE MAZE (Record no. 442686)

MARC details
000 -LEADER
fixed length control field 00340nam a2200157Ia 4500
008 - FIXED-LENGTH DATA ELEMENTS--GENERAL INFORMATION
fixed length control field 100122s9999 xx 000 0 und d
082 ## - DEWEY DECIMAL CLASSIFICATION NUMBER
Item number 1077
Classification number 823
100 ## - MAIN ENTRY--PERSONAL NAME
Personal name MACDONALD PHILIP
245 ## - TITLE STATEMENT
Title THE MAZE
250 ## - EDITION STATEMENT
Edition statement 0
260 ## - PUBLICATION, DISTRIBUTION, ETC. (IMPRINT)
Name of publisher, distributor, etc THE CRIME CLUB
Date of publication, distribution, etc 1934
300 ## - PHYSICAL DESCRIPTION
Extent 251
630 ## - SUBJECT ADDED ENTRY--UNIFORM TITLE
Uniform title THE MAZE
730 ## - ADDED ENTRY--UNIFORM TITLE
Uniform title THE MAZE
942 ## - ADDED ENTRY ELEMENTS (KOHA)
Koha item type Book
Holdings
Withdrawn status Lost status Damaged status Not for loan Home library Current library Date acquired Cost, normal purchase price Total Checkouts Full call number Barcode Date last seen Cost, replacement price Price effective from Koha item type Public note
        S.V. Pathak Library, Vile Parle S.V. Pathak Library, Vile Parle 01/01/1935 5.00   1077 SVPPARLE-1077 01/25/2010 5.00 01/25/2010 Book 7)रद्द General NA